000 00277nam a22001337a 4500
008 181023b xxu||||| |||| 00| 0 eng d
020 _a0899084176
041 _aeng
080 _a316
100 _a50
101 _aSOC
245 _aEuthanasa
_cBender,D.L
942 _2udc
_cBK
999 _c50671
_d50671